000 00356nam a2200145Ia 4500
008 230917s9999||||xx |||||||||||||| ||und||
040 _e198717
_aMAIN
041 _aEnglish
082 _a658.4092 A11J
100 _aAdair, John
245 0 _aJohn Adair Lexican of leadership
260 _aNew Delhi
_bKogan Page
_c2011
300 _a495 p.
942 _cBK
999 _c165101
_d165101